LEADER 01075nam a2200181 i 4500 001 000000055181 003 CaOOAMICUS 005 19970619000000.0 008 970619n it u000 u ita u 013 $a26353 040 $aSeMil$bita 100 1 $aAngelico : da Vinca .$0(OLS)http://semarc/name/27644 245 12$aL'aspetto filosofico dell'aristotelismo di S. Bonaventura. Roma :$bIstituto Storico dei Frati Min. Cappuccini, 1949. ((Excerpta ex dissertatione ad Lauream in Facultate Philosophica Pontificiae Universitatis Gregorianae. 600 04$aBonaventura : da Bagnorea .$0(OLS)http://semarc/subject/524 650 4$aTesi di laurea.$0(OLS)http://semarc/subject/1690 850 $aSeMil 852 $aSeMil$W1$xVenegono$y1$m2I II 364$j21335$B21335$CSeMilBibl$Z2$F21337 $81 996 $6245$aL'aspetto filosofico dell'aristotelismo di S. Bonaventura. Roma :$bIstituto Storico dei Frati Min. Cappuccini, 1949. ((Excerpta ex dissertatione ad Lauream in Facultate Philosophica Pontificiae Universitatis Gregorianae.$9(OLS)http://semarc/title/85547 LEADER 01011nam a2200205 i 4500 001 000000207582 003 CaOOAMICUS 005 20240213145108.0 008 111102s1828 it u000 u ita u 013 $a186361 026 $aCOTI i.la loi, stri (7) 1828 (A) 040 $aSeMil$bita 245 10$aVol. 13. 300 $a390, [2] p. 500 $aMiscellanea contenente tra l'altro: Ragionamento di Atenagora intorno alla risurrezione de' morti tradotto dal greco ; Le cose etiopiche di Eliodoro ; Principio dell'adunanza de' Granelleschi cicalate in quella dette ed altre piacevoli scritture ; Esopo in cittą commedia 773 0 $aGozzi, Gasparo <1713-1786>$tOpere del conte Gasparo Gozzi viniziano. Vol. 1. [-20.].$dBergamo : presso Tommaso Fantozzi, 1825-1829 (Brescia : Coi tipi di Gaetano Venturini)$g13$w()25693 850 $aSeMil 852 $aSeMil$W1$xVenegono$y1$m1P IV 29 FA$j158041$B158041$CSeMilBibl$Z2$F169303 $8I 996 $6245$aVol. 13$9(OLS)http://semarc/title/49086